Southville International School and Colleges
Your cart is empty.
  • Cart
  • Lists
    Public lists Eva Luna New books Lux_list list_1
    Your lists Log in to create your own lists
  • Log in to your account
  • Your cookies
  • Search history
Southville International School and Colleges
  • Advanced search
  • Recent comments
  • Most popular
  • Libraries

Log in to your account

Log in with GOOGLE


If you do not have an external account, but do have a local account, you can still log in:

  1. Home
  2. MARC view: Macmillan very first dictionary :
Normal view MARC view ISBD view

Macmillan very first dictionary : (Record no. 12429)

[ view plain ]
MARC details
000 -LEADER
fixed length control field 00517nam a22001697a 4500
003 - CONTROL NUMBER IDENTIFIER
control field OSt
005 - DATE AND TIME OF LATEST TRANSACTION
control field 20140310182353.0
008 - FIXED-LENGTH DATA ELEMENTS--GENERAL INFORMATION
fixed length control field 131001t xxu||||| |||| 00| 0 eng d
050 ## - LIBRARY OF CONGRESS CALL NUMBER
Classification number PE 1628
Item number .M167 1977
082 ## - DEWEY DECIMAL CLASSIFICATION NUMBER
Classification number GS 423.1
Item number M228 1983
100 ## - MAIN ENTRY--PERSONAL NAME
Personal name Macmillan Publishing Co.
9 (RLIN) 22263
245 ## - TITLE STATEMENT
Title Macmillan very first dictionary :
Statement of responsibility, etc Macmillan Publishing Co.
Remainder of title a magic world of words /
260 ## - PUBLICATION, DISTRIBUTION, ETC. (IMPRINT)
Place of publication, distribution, etc New York :
Name of publisher, distributor, etc Macmillan Publishing Co,
Date of publication, distribution, etc 1983.
300 ## - PHYSICAL DESCRIPTION
Extent 264 p.
Dimensions 28 cm.
942 ## - ADDED ENTRY ELEMENTS (KOHA)
Source of classification or shelving scheme Library of Congress Classification
Koha item type
Holdings
Withdrawn status Lost status Source of classification or shelving scheme Damaged status Home library Current library Shelving location Date acquired Total Checkouts Full call number Barcode Date last seen Copy number Price effective from Koha item type
    Library of Congress Classification   Luxembourg Library Luxembourg Library Grade School Section 10/01/2013   PE 1628 .M167 1977 4216 10/16/2015 1 10/01/2013 Books

Macmillan very first dictionary :

APA

Macmillan Publishing Co, . (1983). Macmillan very first dictionary. New York: Macmillan Publishing Co.

Chicago

Macmillan Publishing Co, . 1983. Macmillan very first dictionary. New York: Macmillan Publishing Co.

Harvard

Macmillan Publishing Co, . (1983). Macmillan very first dictionary. New York: Macmillan Publishing Co.

MLA

Macmillan Publishing Co, . Macmillan very first dictionary. New York: Macmillan Publishing Co. 1983.

  • Place hold
  • Print
  • Cite
  • Add to your cart (remove)
  • Save record
    BIBTEX Dublin Core MARCXML MARC (non-Unicode/MARC-8) MARC (Unicode/UTF-8) MARC (Unicode/UTF-8, Standard) MODS (XML) RIS
  • More searches
    Search for this title in:
    Other Libraries (WorldCat) Other Databases (Google Scholar) Online Stores (Bookfinder.com) Open Library (openlibrary.org)

Exporting to Dublin Core...

SOUTHVILLE LIBRARY

Southville International School and Colleges Library

1281 Tropical Ave. Cor. Luxembourg St., BF Homes International, Las Pinas City

Tel. No. 8256374 / 252358 Loc. 117/146

Powered by Koha